LEADER 01665nam 2200373Ia 450 001 996393858803316 005 20200824121734.0 035 $a(CKB)4940000000115019 035 $a(EEBO)2240937821 035 $a(UnM)99897103e 035 $a(UnM)99897103 035 $a(EXLCZ)994940000000115019 100 $a19990114d1659 uy | 101 0 $aeng 135 $aurbn||||a|bb| 200 10$a[Hebrew] A religious treatise upon Simeons song; or, instructions advertising how to live holily, and dye happily$b[electronic resource] $eComposed at first for the use of the truly pious Sir Robert Harley, knight of the honourable order of the Bath But since published by Timothy Woodroffe, B.D. pastor to the church at Kingsland, in Herefordshire 210 $aLondon $cprinted for Tho. Parkhurst, at the three Crowns, at the lower end of Cheapside, over-against the great Conduit$d1659 215 $a[34], 220, [20] p 300 $aTitle begins in Hebrew. 300 $aRunning title reads: Simeon's song. 300 $aReproduction of original in the Bodleian Library, Oxford, England. 330 $aeebo-0014 606 $aChristian life$xBiblical teaching$vEarly works to 1800 606 $aDeath$xReligious aspects$vEarly works to 1800 615 0$aChristian life$xBiblical teaching 615 0$aDeath$xReligious aspects 700 $aWoodroffe$b Timothy$f1593 or 4-1677.$01018886 801 0$bCu-RivES 801 1$bCu-RivES 801 2$bWaOLN 906 $aBOOK 912 $a996393858803316 996 $aA religious treatise upon Simeons song; or, instructions advertising how to live holily, and dye happily$92424402 997 $aUNISA LEADER 03718nam 2200745 a 450 001 9910968725703321 005 20080307171012.0 010 $a9798400680205 010 $a9786612565861 010 $a9781282565869 010 $a1282565869 010 $a9780313088346 010 $a0313088349 024 7 $a10.5040/9798400680205 035 $a(OCoLC)416229157 035 $a(MiFhGG)GVRL2MBE 035 $a(OCoLC)651663931 035 $a(DLC)BP9798400680205BC 035 $a(CKB)1000000000707680 035 $a(MiAaPQ)EBC495158 035 $a(MiFhGG)9780313088346 035 $a(Perlego)4171266 035 $a(EXLCZ)991000000000707680 100 $a20080307e20082024 uy 0 101 0 $aeng 135 $aurun|---uuuua 181 $ctxt 182 $cc 183 $acr 200 10$aLiterature of the Caribbean /$fLizabeth Paravisini-Gebert 205 $a1st ed. 210 1$aWestport, Conn. :$cGreenwood Press,$d2008. 210 2$aNew York :$cBloomsbury Publishing (US),$d2024. 215 $a1 online resource (viii, 244 pages) 225 1 $aLiterature as windows to world cultures,$x1543-9968 300 $aDescription based upon print version of record. 311 08$a9798216112341 311 08$a9780313328459 311 08$a0313328455 320 $aIncludes bibliographical references and index. 327 $aMichael Anthony's The year in San Fernando -- Alejo Carpentier's The kingdom of this world -- Michelle Cliff's Abeng -- Maryse Conde's I, Tituba, black witch of Salem -- Raphael Confiant's Mamzelle dragonfly -- Edwidge Danticat's Breath, eyes, memory -- Zee Edgell's Beka Lamb -- Magali Garci?a Ramis's Happy days, uncle Sergio -- Jamaica Kincaid's Annie John -- Mayra Montero's The messenger -- V. S. Naipaul's The mystic masseur -- Patricia Powell's A small gathering of bones -- Jean Rhys' Wide Sargasso Sea -- Simone Schwarz-Bart's The bridge of beyond -- Derek Walcott's Omeros -- Joseph zobel's Black Shack Alley. 330 $aThe Caribbean is an exotic but not too distant land, full of rich cultural traditions. The literature of the Caribbean reflects the social, political, and cultural concerns of the region and is a valuable tool for learning about the area and its people. This book includes chapters on roughly a dozen contemporary Caribbean writers. Along with plot summaries, these sections discuss major themes and give close attention to how Caribbean culture figures in the writer's texts. To help students conduct further research, each chapter cites works for further reading. 410 0$aLiterature as windows to world cultures. 606 $aCaribbean literature (English)$xHistory and criticism 606 $aCaribbean literature (French)$xHistory and criticism 606 $aCaribbean literature (Spanish)$xHistory and criticism 606 $aCaribbean literature$xHistory and criticism 606 $aLiterature and history$zCaribbean Area 606 $aNational characteristics, Caribbean, in literature 607 $aCaribbean Area$xCivilization 607 $aCaribbean Area$xIn literature 615 0$aCaribbean literature (English)$xHistory and criticism. 615 0$aCaribbean literature (French)$xHistory and criticism. 615 0$aCaribbean literature (Spanish)$xHistory and criticism. 615 0$aCaribbean literature$xHistory and criticism. 615 0$aLiterature and history 615 0$aNational characteristics, Caribbean, in literature. 676 $a809/.89729 700 $aParavisini-Gebert$b Lizabeth$0694119 801 0$bDLC 801 1$bDLC 906 $aBOOK 912 $a9910968725703321 996 $aLiterature of the Caribbean$94357578 997 $aUNINA